000 00245nam a2200097Ia 4500
008 120527s9999 xx 000 0 und d
100 _aICARDA,115
245 _aMechanization of field experiments in semi-arid areas
260 _bNIAE
942 _cBK
999 _c25109
_d25109